Statistics for Countries that End with I

Click here to take the quiz!

General Stats

  • This quiz has been taken 57 times
    (27 since last reset)
  • The average score is 7 of 9

Answer Stats

HintAnswer% Correct
OceaniaFiji
92%
AfricaDjibouti
88%
North AmericaHaiti
88%
AfricaMali
83%
OceaniaKiribati
79%
AfricaEswatini
75%
AfricaMalawi
75%
AsiaBrunei
67%
AfricaBurundi
67%

Score Distribution

Percentile by Number Answered

Percent of People with Each Score

Your Score History

You have not taken this quiz since the last reset